| 000 | 00592nam a2200145Ia 4500 | ||
|---|---|---|---|
| 008 | 140724s9999 xx 000 0 und d | ||
| 050 |
_aTR 897.7 _b.B858 2012 |
||
| 100 | _aBrion, Michael Candido R. | ||
| 245 | 4 |
_aThe effectiveness of motion graphics as a technique in promoting the institutional outreach program of Southville International School and Colleges / _cMichael Candida R. Brion. |
|
| 260 |
_aLas PiƱas, Philippines : _bSouthville International School and Colleges, _cc2012. |
||
| 300 |
_a96 p. : _bcol. Ill. ; _c28 cm. |
||
| 521 | _aMedia Arts | ||
| 942 | _cTH | ||
| 999 |
_c228762 _d228762 |
||